<?xml version="1.0" encoding="UTF-8"?>
<collection xmlns="http://www.loc.gov/MARC21/slim">
 <record>
  <leader>     na                 </leader>
  <controlfield tag="001">INLIS000000000021276</controlfield>
  <controlfield tag="005">20230608101625</controlfield>
  <controlfield tag="007">ta</controlfield>
  <controlfield tag="008">230608                g          0 ind  </controlfield>
  <datafield tag="020" ind1=" " ind2=" ">
   <subfield code="a">978-602-407-778-5</subfield>
  </datafield>
  <datafield tag="035" ind1=" " ind2=" ">
   <subfield code="a">0010-0623000024</subfield>
  </datafield>
  <datafield tag="082" ind1=" " ind2=" ">
   <subfield code="a">155.25</subfield>
  </datafield>
  <datafield tag="084" ind1=" " ind2=" ">
   <subfield code="a">155.25 MEG p</subfield>
  </datafield>
  <datafield tag="100" ind1="0" ind2=" ">
   <subfield code="a">Mega Fitriani</subfield>
   <subfield code="e">Pengarang</subfield>
  </datafield>
  <datafield tag="245" ind1="1" ind2=" ">
   <subfield code="a">Personal Branding Format Baru</subfield>
  </datafield>
  <datafield tag="250" ind1=" " ind2=" ">
   <subfield code="a">Cetakan 1</subfield>
  </datafield>
  <datafield tag="264" ind1=" " ind2=" ">
   <subfield code="a">Yogyakarta :</subfield>
   <subfield code="b">Laksana,</subfield>
   <subfield code="c">2020</subfield>
  </datafield>
  <datafield tag="300" ind1=" " ind2=" ">
   <subfield code="a">168 halaman ;</subfield>
   <subfield code="c">20 cm</subfield>
  </datafield>
  <datafield tag="336" ind1=" " ind2=" ">
   <subfield code="2">rdacontent</subfield>
   <subfield code="a">Teks</subfield>
  </datafield>
  <datafield tag="337" ind1=" " ind2=" ">
   <subfield code="2">rdamedia</subfield>
   <subfield code="a">Tanpa Perantara</subfield>
  </datafield>
  <datafield tag="338" ind1=" " ind2=" ">
   <subfield code="2">rdacarrier</subfield>
   <subfield code="a">Lembar</subfield>
  </datafield>
  <datafield tag="504" ind1=" " ind2=" ">
   <subfield code="a">166-167 halaman</subfield>
  </datafield>
  <datafield tag="520" ind1=" " ind2=" ">
   <subfield code="a">Personal branding adalah strategi membangun brand atau citra diri di mata orang lain. Artinya, seseorang &quot;menjanjikan&quot; sesuatu yang ada di dalam dirinya kepada orang lain, sehingga personal branding berhubungan dengan image dan reputasi. Dua hal inilah yang akan membuat brand value terbentuk dan senantiasa diingat oleh orang lain. Karena itu, personal branding harus dilakukan dengan tepat, konsisten, dan bertanggung jawab. Buku inilah yang cocok menjadi panduanmu untuk memunculkan citra positif yang bisa dikenal oleh khalayak luas. Beberapa pembahasan dalam buku ini di antaranya adalah mengenali bakat, minat, dan kepribadian serta trik sukses membangun brand. Personal branding dapat diibaratkan makeup. Seseorang yang merias dirinya dengan baik akan tampak lebih menarik. Namun, jika terlalu berlebihan, ia justru akan terlihat palsu. Jadikan buku ini sebagai tutorial &quot;memoles&quot; diri dan menentukan bagaimana dirimu ingin dikenal oleh orang lain.&#13;
&#13;
Pengertian personal branding adalah strategi untuk membentuk citra diri sendiri sehingga masyarakat atau orang lain dapat menilainya dari prestasi dan pencapaian yang dimiliki. Bisa dibilang ini merupakan kesempatan Anda menampilkan keunikan serta ciri khas diri Anda. Farco Siswiyanto Raharjo dalam buku The Master Book of Personal Branding menyatakan bahwa arti personal branding adalah cara seseorang mengambil kendali penilaian orang lain atas diri individu tersebut. Jadi, pada dasarnya siapapun membutuhkan branding, baik itu pengusaha, peneliti, programmer, penulis, influencer, bahkan mahasiswa sekalipun</subfield>
  </datafield>
  <datafield tag="650" ind1=" " ind2="4">
   <subfield code="a">Pengembangan Diri</subfield>
  </datafield>
  <datafield tag="650" ind1=" " ind2="4">
   <subfield code="a">Psikologi</subfield>
  </datafield>
  <datafield tag="700" ind1="0" ind2=" ">
   <subfield code="a">Nurul Fajriyah Prahastuti</subfield>
   <subfield code="e">Pengarang</subfield>
  </datafield>
  <datafield tag="990" ind1=" " ind2=" ">
   <subfield code="a">075224</subfield>
  </datafield>
  <datafield tag="990" ind1=" " ind2=" ">
   <subfield code="a">075225</subfield>
  </datafield>
  <datafield tag="990" ind1=" " ind2=" ">
   <subfield code="a">075226</subfield>
  </datafield>
 </record>
</collection>
